Dibujo a mano alzada para diseñadores de interiores (Registro nro. 23874)
[ vista simple ]
| 000 -Cabecera | |
|---|---|
| Campo de control interno | 00459nam a2200181Ia 4500 |
| 005 - Fecha y hora del registro | |
| control field | 20260414151006.0 |
| 008 - Elementos de Longitud Fija | |
| fixed length control field | 260414t2010||||xx |||||||||||||| ||spa|| |
| 041 ## - Idioma | |
| Codigo Idioma | ESP |
| 082 ## - DEWEY y NOTACIÓN INTERNA | |
| Dewey | 720.284 |
| Notación Interna | J54 |
| 100 ## - AUTOR | |
| Autor denominación | Jiménez Catalán, Javier |
| Término de relación | autor |
| 245 #0 - TÍTULO DE MATERIAL BIBLIOGRÁFICO | |
| Título | Dibujo a mano alzada para diseñadores de interiores |
| Título paralelo | |
| 260 ## - CIUDAD, EDITORIAL, AÑO | |
| Año | 2010 |
| 300 ## - DESCRIPCIÓN | |
| N° Páginas | 191 páginas : |
| Dimensiones | 30 cm. |
| 650 ## - TEMAS | |
| Temas | Las Artes |
| 654 ## - PROGRAMAS | |
| Programa | Dpto. Arquitectura y Urbanismo |
| 942 ## - ELEMENTOS DE KOHA | |
| Tipo de documento | Libro |
| Nombre del creador | Justo Noguera |
| Código de catalogador | Justo Noguera |
| Esquema de clasificación | Dewey Decimal Classification |
| Suppress in OPAC | |
| Codigo completo | Registro | Colección | Copia número | Disponibilidad | Tipo de préstamo | Biblioteca Actual | Procedencia (Biblioteca) | Ubicacón | Fecha Ingreso | Tipo de Adquisición | Date last seen | Total checkouts | Price effective from | Tipo de Item | Estado del Material | Damaged status | Withdrawn status |
|---|---|---|---|---|---|---|---|---|---|---|---|---|---|---|---|---|---|
| 720.284 J54 | 1075549 | Universidad Católica San Pablo | 1 | Disponible | Disponible | Víctor Andrés Belaunde | Víctor Andrés Belaunde | Planta baja abierta | 14/04/2026 | Compra | 14/04/2026 | 14/04/2026 | Libro | Bueno |




